000 00562 a2200169 4500
999 _c4621
_d4621
010 _aENG-86477
020 _a0143330152
_c150.00
035 _aEN-70010
037 _bDBAD / PUB
082 1 4 _a796.358
100 1 _aMenon, Suresh
245 1 _aDream team India :
_cby Suresh Menon
_bthe best world cup squad ever /
260 _aNew Delhi
_bPenguin Books India
_c2006
270 _a11, Community Centre, Panchsheel Park
_bNew Delhi
_cWest Bengal
300 _aviii, 118p.
_c22cm (Pbk)
_bcol. and B&W photos
942 _adpl
_cEN
_2ddc
_h796.358
_mMEN